| 000 | 00992nam a2200313 i 4500 | ||
|---|---|---|---|
| 003 | EG-ScBUE | ||
| 005 | 20260106102629.0 | ||
| 008 | 140304t2009 cn a fr 001 0 eng d | ||
| 020 | _a9780070985100 | ||
| 020 | _a0070985103 | ||
| 040 |
_aEG-ScBUE _beng _erda _cEG-ScBUE _dEG-ScBUE |
||
| 082 | 0 | 4 |
_222 _a512.5 _bNIC |
| 100 | 1 |
_aNicholson, W. Keith, _eauthor. _935378 |
|
| 245 | 1 | 0 |
_aLinear algebra with applications / _cW. Keith Nicholson, University of Calgary. |
| 250 | _aSixth edition. | ||
| 264 | 1 |
_aToronto, Canada : _bMcGraw-Hill Ryerson, _c[2009] |
|
| 264 | 4 | _cc2009 | |
| 300 |
_ax, 566 pages : _billustrations ; _c25 cm. |
||
| 336 |
_2rdacontent _atext _btxt |
||
| 337 |
_aunmediated _2rdamedia _bn |
||
| 338 |
_avolume _bnc _2rdacarrier |
||
| 490 | 0 | _aThe McGraw-Hill Companies | |
| 500 | _aIncludes appendix. | ||
| 500 | _aIncludes index. | ||
| 650 | 7 |
_93439 _aAlgebras, Linear. _2BUEsh |
|
| 653 |
_bENGGEN _cMarch2014 |
||
| 655 |
_vReading book _934232 |
||
| 942 |
_2ddc _cBB |
||
| 999 |
_c18090 _d18062 |
||